Globálny cestovný ruch

Európa a Blízky východ sú na popredných miestach v svetových rebríčkoch výkonnosti hotelov. Vývoj výkonnosti hotelov v roku 2008. Situácia v bratislavskom hotelierstve. Hotely v Paríži, Londýne a Berlíne.

Saved in:
Bibliographic Details
Format: Book Chapter
Language:Slovak
Subjects:
Tags: Add Tag
No Tags, Be the first to tag this record!

MARC

LEADER 00000naa$a2200000$$$4500
001 0093578
005 20231109065724.6
041 0 |a slo 
044 |a SK 
245 1 0 |a Globálny cestovný ruch 
520 |a Európa a Blízky východ sú na popredných miestach v svetových rebríčkoch výkonnosti hotelov. Vývoj výkonnosti hotelov v roku 2008. Situácia v bratislavskom hotelierstve. Hotely v Paríži, Londýne a Berlíne. 
610 2 0 |a ruch cestovný 
610 2 0 |a hotely 
610 2 0 |a výkonnosť 
610 2 0 |a výnosy 
610 2 0 |a Európa 
610 2 0 |a Blízky východ